Economic thought (Record no. 129782)
[ view plain ]
| 000 -LEADER | |
|---|---|
| fixed length control field | 00536nam a2200217Ia 4500 |
| 003 - CONTROL NUMBER IDENTIFIER | |
| control field | OSt |
| 005 - DATE AND TIME OF LATEST TRANSACTION | |
| control field | 20220701163143.0 |
| 008 - FIXED-LENGTH DATA ELEMENTS--GENERAL INFORMATION | |
| fixed length control field | 210210b2008 xxu||||| |||| 00| 0 eng d |
| 040 ## - CATALOGING SOURCE | |
| Transcribing agency | AL |
| 041 ## - LANGUAGE CODE | |
| Language code of text/sound track or separate title | eng |
| 082 ## - DEWEY DECIMAL CLASSIFICATION NUMBER | |
| Classification number | 330.15 KALE |
| 100 ## - MAIN ENTRY--PERSONAL NAME | |
| Personal name | KALLURAYA (Shripathi P) |
| 9 (RLIN) | 46598 |
| 245 ## - TITLE STATEMENT | |
| Title | Economic thought |
| 260 ## - PUBLICATION, DISTRIBUTION, ETC. | |
| Place of publication, distribution, etc. | Mangalore |
| Name of publisher, distributor, etc. | Mangala Publications |
| Date of publication, distribution, etc. | 2008 |
| 300 ## - PHYSICAL DESCRIPTION | |
| Extent | vi,202 |
| 650 ## - SUBJECT ADDED ENTRY--TOPICAL TERM | |
| Topical term or geographic name entry element | V Sem BA |
| 9 (RLIN) | 46599 |
| 690 ## - LOCAL SUBJECT ADDED ENTRY--TOPICAL TERM (OCLC, RLIN) | |
| Topical term or geographic name as entry element | Economic Thought |
| 9 (RLIN) | 46600 |
| 700 ## - ADDED ENTRY--PERSONAL NAME | |
| Personal name | THIMMAIYA (T D) |
| 9 (RLIN) | 46601 |
| 906 ## - LOCAL DATA ELEMENT F, LDF (RLIN) | |
| a | 062734 |
| 942 ## - ADDED ENTRY ELEMENTS (KOHA) | |
| Source of classification or shelving scheme | Dewey Decimal Classification |
| Koha item type | Book |
| Withdrawn status | Lost status | Damaged status | Not for loan | Collection code | Home library | Current library | Shelving location | Date acquired | Source of acquisition | Cost, normal purchase price | Total Checkouts | Full call number | Barcode | Date last seen | Date last checked out | Price effective from | Koha item type |
|---|---|---|---|---|---|---|---|---|---|---|---|---|---|---|---|---|---|
| St Aloysius Library | St Aloysius Library | 02/17/2021 | Biblios Book Point, Surathkal-575014 | 80.00 | 1 | 330.15 KALE | 064883 | 02/07/2022 | 02/05/2022 | 02/17/2021 | Book | ||||||
| St Aloysius Library | St Aloysius Library | 02/17/2021 | Biblios Book Point, Surathkal-575014 | 80.00 | 330.15 KALE | 064882 | 02/17/2021 | 02/17/2021 | Book | ||||||||
| St Aloysius Library | St Aloysius Library | 02/17/2021 | Mangala Publications, Bejai, Mangalore | 80.00 | 330.15 KALE | 062736 | 02/17/2021 | 02/17/2021 | Book | ||||||||
| St Aloysius Library | St Aloysius Library | 02/17/2021 | Mangala Publications, Bejai, Mangalore | 80.00 | 330.15 KALE | 062735 | 02/17/2021 | 02/17/2021 | Book | ||||||||
| St Aloysius Library | St Aloysius Library | 02/17/2021 | Mangala Publications, Bejai, Mangalore | 80.00 | 1 | 330.15 KALE | 062734 | 03/07/2022 | 03/02/2022 | 02/17/2021 | Book |